[Event "EuYCh G18"]
[Site "Halkidiki GRE"]
[Date "2000.10.05"]
[Round "4"]
[White "Kostiuk,T"]
[Black "Gaudron,F"]
[Result "1-0"]
[WhiteElo "2253"]
[BlackElo "2068"]

1.d4 d5 2.c4 e6 3.Nc3 Nf6 4.Nf3 c6 5.e3 Bd6 6.b3 Bb4 7.Bd2 Nbd7 8.Bd3 O-O
9.O-O dxc4 10.bxc4 c5 11.a3 Ba5 12.d5 exd5 13.cxd5 Re8 14.Re1 c4 15.Bxc4 Nb6
16.Bb5 Bd7 17.Qb3 Rc8 18.Rac1 Bxb5 19.Qxb5 Nc4 20.Qb3 Nxd2 21.Nxd2 Nxd5 22.Nxd5 Bxd2
23.Rxc8 Qxc8 24.Rd1 Ba5 25.Qb5 b6 26.Qd3 h6 27.e4 Qc5 28.a4 Kf8 29.g3 Rc8
30.Kg2 Qc4 31.Qd4 Qb3 32.Qe5 Re8 33.Qd6+ Kg8 34.Rd4 Qb2 35.Rc4 Be1 36.Qf4 Qe5
37.Qxe5 Rxe5 38.Kf1 Ba5 39.f4 Re8 40.Ke2 Kf8 41.Kd3 g5 42.Rc7 Rd8 43.Rxa7 f5
44.Rh7 Rd6 45.Kd4 gxf4 46.gxf4 fxe4 47.Kxe4 Bd2 48.Ke5 Rc6 49.Rb7 Rc5 50.Rxb6 Bxf4+
51.Kd4  1-0

[Event "Abihome Open"]
[Site "Brussels BEL"]
[Date "2000.10.07"]
[Round "4"]
[White "Vanderstricht,G"]
[Black "Fressinet,L"]
[Result "0-1"]
[WhiteElo "2369"]
[BlackElo "2536"]

1.d4 d5 2.c4 c6 3.Nc3 e6 4.e3 Nf6 5.Nf3 Nbd7 6.Qc2 Bd6 7.Be2 O-O 8.O-O dxc4
9.Bxc4 b5 10.Bd3 Bb7 11.Bd2 b4 12.Na4 c5 13.dxc5 Rc8 14.Bxb4 Bxf3 15.gxf3 Nd5
16.Ba3 Qg5+ 17.Kh1 Qh5 18.Bxh7+ Kh8 19.cxd6 Rxc2 20.Bxc2 Qxf3+ 21.Kg1 Qg4+
22.Kh1 Rc8 23.Bb3 Qf3+ 24.Kg1 Ne5 25.Rfc1 Qg4+ 26.Kh1 Qe4+ 27.Kg1 Nf3+ 28.Kf1 Nxh2+
29.Kg1 Nf3+ 30.Kf1 Qd3+ 31.Kg2 Nh4+ 32.Kh3 Qf5+ 33.Kxh4 Qxf2+ 34.Kh3 Qxe3+
35.Kh2 Qf4+ 36.Kh3 Qe3+ 37.Kh2 Rxc1 38.Rxc1 Qxc1 39.Bxd5 Qd2+ 40.Bg2 f5 41.Nc3 g5
42.Bc5 g4 43.Kg1 f4 44.Ne4 Qd1+ 45.Bf1 Qd5 46.b4 Qxe4 47.Bb5 Qb1+ 48.Kf2 Qc2+
49.Kg1 Qd1+ 50.Kf2 Qd2+ 51.Kg1 f3 52.Bf1 g3  0-1

[Event "FSIMA October"]
[Site "Budapest HUN"]
[Date "2000.10.07"]
[Round "1"]
[White "Somogyi,I"]
[Black "Hoenig,A"]
[Result "1/2-1/2"]
[WhiteElo "2260"]
[BlackElo "2261"]

1.d4 Nf6 2.c4 c6 3.Nf3 d5 4.Nc3 e6 5.e3 Nbd7 6.Bd3 a6 7.e4 dxe4 8.Nxe4 Nxe4
9.Bxe4 Nf6 10.Bc2 c5 11.O-O cxd4 12.Nxd4 Bc5 13.Be3 Qb6 14.Re1 O-O 15.Nb3 Bxe3
16.Rxe3 Rd8 17.Qe2 Bd7 18.Rg3 Ba4 19.Qf3 Kf8 20.Rd1 Rxd1+ 21.Qxd1 Rd8 22.Rd3 Ke7
23.Rxd8 Qxd8 24.Qxd8+ Kxd8 25.Kf1 Kc7 26.Nd4 Bxc2 27.Nxc2 a5 28.f3 Kd6 29.Ke2 Kc5
30.b3 e5 31.Kd3 b6 32.a3 Kd6  1/2-1/2

[Event "EuYCh B16"]
[Site "Halkidiki GRE"]
[Date "2000.10.07"]
[Round "6"]
[White "Markos,J"]
[Black "Jeremic,V"]
[Result "1-0"]
[WhiteElo "2327"]
[BlackElo "2325"]

1.d4 d5 2.c4 c6 3.Nc3 Nf6 4.e3 e6 5.Nf3 Nbd7 6.Qc2 Bd6 7.Be2 O-O 8.O-O Qe7
9.e4 dxe4 10.Nxe4 Nxe4 11.Qxe4 Nf6 12.Qh4 b6 13.Bd3 Bb7 14.Re1 Rfe8 15.Be3 Rad8
16.Rac1 Bc7 17.Bb1 h6 18.Bxh6 gxh6 19.Qxh6 c5 20.d5 Bxd5 21.cxd5 Rxd5 22.Rc4 Rh5
23.Rg4+ Nxg4 24.Qxh5 Nf6 25.Qg5+ Kf8 26.Qh6+ Kg8 27.Ng5 Bf4 28.g3 Bd2 29.Re2 Rd8
30.Bh7+ Kh8 31.Bg6+ Kg8 32.Bxf7+ Qxf7 33.Nxf7 Bxh6 34.Nxd8 Bc1 35.Nxe6 Nd5
36.Rc2 Bh6 37.f4 Nb4 38.Rd2 Kf7 39.Nd8+ Ke8 40.a3  1-0

[Event "3rd Int"]
[Site "Torshavn FAI"]
[Date "2000.10.07"]
[Round "2"]
[White "Johannessen,LE"]
[Black "Savchenko,S"]
[Result "0-1"]
[WhiteElo "2422"]
[BlackElo "2579"]

1.d4 d5 2.c4 c6 3.Nf3 Nf6 4.Nc3 e6 5.e3 Nbd7 6.Bd3 dxc4 7.Bxc4 b5 8.Bd3 Bb7
9.O-O a6 10.e4 c5 11.d5 Qc7 12.Bg5 c4 13.Rc1 Bd6 14.Bb1 O-O 15.Re1 Ng4 16.h3 Nge5
17.Nxe5 Bxe5 18.Qd2 h6 19.Be3 Rad8 20.f4 Bxc3 21.Qxc3 exd5 22.Bd4 f6 23.exd5 Nb6
24.Qg3 Nxd5 25.Qg6 Nxf4 26.Qh7+ Kf7 27.Be3 Nxh3+ 28.Kh1 Qg3 29.Re2 Rfe8 30.Rf1 Rd6  0-1

[Event "FSIMB October"]
[Site "Budapest HUN"]
[Date "2000.10.08"]
[Round "2"]
[White "Nemeth,Z"]
[Black "Orso,M"]
[Result "1/2-1/2"]
[WhiteElo "2308"]
[BlackElo "2346"]

1.c4 Nf6 2.Nc3 c6 3.Nf3 d5 4.e3 e6 5.d4 Nbd7 6.Qc2 a6 7.b3 b5 8.Bd3 Bb7 9.O-O Be7
10.c5 Qc7 11.Bb2  1/2-1/2

[Event "EuYCh G18"]
[Site "Halkidiki GRE"]
[Date "2000.10.08"]
[Round "7"]
[White "Umpfenbach,C"]
[Black "Balogh,E"]
[Result "1-0"]
[WhiteElo "2044"]
[BlackElo "2001"]

1.d4 d5 2.Nf3 Nf6 3.c4 c6 4.e3 e6 5.Nc3 Nbd7 6.Bd3 Bd6 7.O-O O-O 8.Re1 Re8
9.e4 dxc4 10.Bxc4 b5 11.Bb3 e5 12.d5 cxd5 13.Nxd5 Nc5 14.Bg5 Bb7 15.Bxf6 gxf6
16.Nh4 Nxb3 17.Nf5 Bf8 18.Qxb3 Bxd5 19.exd5 Qd7 20.Qf3 Rad8 21.Rad1 Qc8 22.Rc1 Qb7
23.Qg4+ Kh8 24.Rc3 Qd7 25.Rh3 h6 26.Rg3  1-0

[Event "FSIMA October"]
[Site "Budapest HUN"]
[Date "2000.10.09"]
[Round "3"]
[White "Eperjesi,L"]
[Black "Van der Plas,R"]
[Result "1-0"]
[WhiteElo "2370"]
[BlackElo "2199"]

1.d4 d5 2.c4 e6 3.Nc3 c6 4.e3 Nf6 5.Nf3 Bd6 6.Bd3 O-O 7.O-O Nbd7 8.e4 dxc4
9.Bxc4 e5 10.Bg5 Qc7 11.h3 exd4 12.Nxd4 h6 13.Be3 Bf4 14.Qd2 Bxe3 15.Qxe3 b5
16.Be2 a6 17.f4 c5 18.Nf5 Nb6 19.Ng3 Be6 20.e5 Nfd5 21.Nxd5 Nxd5 22.Qe4 Nb4
23.Rad1 Bxa2 24.Nf5 Rad8 25.Nd6 Qc6 26.Qe3 Bd5 27.Bf3 Bxf3 28.Rxf3 Rd7 29.Rg3 Rfd8
30.Kh2 Kh7 31.Qe2 g6 32.f5 Nd5 33.fxg6+ fxg6 34.Qf3 Rxd6 35.Qf7+ Kh8 36.exd6 Qxd6
37.Rxd5 Qxd5 38.Qf6+  1-0

[Event "EuYCh B18"]
[Site "Halkidiki GRE"]
[Date "2000.10.09"]
[Round "8"]
[White "Dziuba,M"]
[Black "Potkin,V"]
[Result "1/2-1/2"]
[WhiteElo "2392"]
[BlackElo "2420"]

1.d4 e6 2.c4 Nf6 3.Nf3 d5 4.Nc3 c6 5.e3 Nbd7 6.Qc2 Bd6 7.b3 O-O 8.Bb2 b6
9.Bd3 Bb7 10.cxd5 cxd5 11.O-O a6 12.Rac1 Qe7 13.Ne2 Rfc8 14.Qb1 Ne4 15.Rxc8+ Rxc8
16.Rc1 Rxc1+ 17.Qxc1 Nf8 18.Ng3  1/2-1/2

[Event "Tatry Open"]
[Site "Tatranske Zruby SVK"]
[Date "2000.10.09"]
[Round "3"]
[White "Mosny,J"]
[Black "Tropp,F"]
[Result "0-1"]
[WhiteElo "2104"]
[BlackElo "2225"]

1.d4 Nf6 2.Nf3 e6 3.c4 d5 4.Nc3 c6 5.e3 Bd6 6.Be2 O-O 7.O-O Nbd7 8.b3 Qc7
9.Bb2 Ne4 10.Rc1 Nxc3 11.Bxc3 f5 12.c5 Be7 13.b4 Bf6 14.Ne1 e5 15.dxe5 Bxe5
16.Bxe5 Nxe5 17.Qd4 Rf6 18.Nd3 Ng6 19.Bh5 Nf8 20.Qe5 Qxe5 21.Nxe5 f4 22.a3 Rf5
23.Bf7+ Rxf7 24.Nxf7 Kxf7 25.exf4 Bf5 26.Rfe1 Re8 27.f3 Rxe1+ 28.Rxe1 Bc2
29.Kf2 d4 30.g3 Ng6 31.Ke2 Ne7 32.Kd2 d3 33.Re5 Nd5 34.Re1 Nc7  0-1

[Event "Tatry Open"]
[Site "Tatranske Zruby SVK"]
[Date "2000.10.10"]
[Round "4"]
[White "Pinc,M"]
[Black "Volodin,V"]
[Result "1/2-1/2"]
[WhiteElo "2145"]
[BlackElo "2367"]

1.d4 d5 2.Nf3 e6 3.c4 Nf6 4.Nc3 c6 5.e3 Nbd7 6.Bd3 dxc4 7.Bxc4 b5 8.Bd3 Bb7
9.O-O a6 10.Qe2 c5 11.Bc2 Be7 12.e4 O-O 13.Rd1 Qb6 14.Bg5 cxd4 15.Nxd4 Ne5
16.Nf3 Nxf3+ 17.Qxf3 h6 18.Bh4 Rac8 19.Qe2 Qc7 20.Rac1 b4 21.Na4 Qa5 22.b3 Rfe8
23.f3 Bc6 24.Bf2 Bxa4 25.bxa4 Nh5 26.g3 Rc3 27.Bd3 Qxa4 28.Bxa6 Ra8 29.Bc4 Rc8
30.Bb3 Qc6 31.Rb1 Bc5 32.Rd2 Bxf2+ 33.Qxf2 Rc1+  1/2-1/2

[Event "FSIMB October"]
[Site "Budapest HUN"]
[Date "2000.10.12"]
[Round "6"]
[White "Dudas,Jano"]
[Black "Vigorito,D"]
[Result "1-0"]
[WhiteElo "2338"]
[BlackElo "2314"]

1.d4 Nf6 2.Nf3 d5 3.c4 e6 4.Nc3 c6 5.e3 Nbd7 6.Bd3 dxc4 7.Bxc4 b5 8.Bd3 Bb7
9.O-O b4 10.Ne4 Be7 11.Qc2 O-O 12.Nxf6+ Nxf6 13.e4 Nd7 14.Rd1 c5 15.Be3 cxd4
16.Bxd4 Rc8 17.Qa4 a6 18.Be3 Rc7 19.Bf4 Rc5 20.Qxb4 Rb5 21.Qd2 Bb4 22.Qc2 Rh5
23.Be2 Qe7 24.a3 Bc5 25.b4 Bb6 26.Bd6 Qf6 27.Bxf8 Nxf8 28.Rac1 g5 29.Rd6 Bxf2+
30.Kxf2 g4 31.Kg1 gxf3 32.Bxf3 Rxh2 33.Kxh2 Qf4+ 34.Kg1 Qxd6 35.Rd1 Qe5 36.Qc5 Qf4
37.Rd8 Qh6 38.Rb8  1-0

[Event "Tatry Open"]
[Site "Tatranske Zruby SVK"]
[Date "2000.10.12"]
[Round "6"]
[White "Jedlicka,A"]
[Black "Urbanek,S"]
[Result "1-0"]
[WhiteElo "2238"]
[BlackElo "2123"]

1.d4 Nf6 2.c4 e6 3.Nf3 d5 4.Nc3 c6 5.e3 Nbd7 6.Bd3 dxc4 7.Bxc4 b5 8.Bd3 a6
9.e4 c5 10.d5 Qc7 11.O-O Bd6 12.dxe6 fxe6 13.Ng5 Ne5 14.Bxb5+ Nc6 15.f4 Be7
16.e5 Nd5 17.Nxd5 exd5 18.Qxd5 axb5 19.Qf7+ Kd8 20.Rd1+ Nd4 21.Qxg7  1-0

[Event "3rd Int"]
[Site "Torshavn FAI"]
[Date "2000.10.12"]
[Round "7"]
[White "Milov,V"]
[Black "Krush,I"]
[Result "1-0"]
[WhiteElo "2626"]
[BlackElo "2354"]

1.d4 d5 2.c4 e6 3.Nc3 c6 4.e3 Nf6 5.Nf3 Nbd7 6.Be2 dxc4 7.a4 b6 8.Bxc4 Bb7
9.e4 Bb4 10.e5 Nd5 11.O-O Nxc3 12.bxc3 Be7 13.Qd3 O-O 14.Qe4 Re8 15.h4 Nf8
16.Qg4 Qc7 17.h5 c5 18.Bh6 g6 19.Bd3 Bxf3 20.Qxf3 Red8 21.Be3 Rab8 22.g3 Nd7
23.Be4 b5 24.axb5 Rxb5 25.Kg2 Rb3 26.hxg6 fxg6 27.Rh1 Nf8 28.Rac1 Rb6 29.Rh6 Rd7
30.Rch1 a5 31.Qg4 Bd8 32.dxc5 Ra6 33.Bd4 Rg7 34.Rb1 a4 35.Rhh1 a3 36.Qe2 Ra5
37.Rb3 Nd7 38.Rb7 Qc8 39.c6 Nb8 40.Rxg7+ Kxg7 41.Rxh7+ Kxh7 42.Qh5+ Kg8 43.Qxg6+ Kf8
44.Qh6+  1-0

[Event "FSGM October"]
[Site "Budapest HUN"]
[Date "2000.10.13"]
[Round "7"]
[White "Fogarasi,T"]
[Black "Csom,I"]
[Result "1/2-1/2"]
[WhiteElo "2456"]
[BlackElo "2478"]

1.d4 d5 2.c4 c6 3.Nc3 Nf6 4.Nf3 e6 5.e3 Nbd7 6.Qc2 Bd6 7.b3 O-O 8.Be2 b6
9.O-O Bb7 10.Bb2 Rc8 11.Rac1 Qe7 12.Rfd1 Rfd8  1/2-1/2

[Event "ch-ARG"]
[Site "Buenos Aires ARG"]
[Date "2000.10.14"]
[Round "5"]
[White "Sorin,A"]
[Black "Bertona,F"]
[Result "1/2-1/2"]
[WhiteElo "2490"]
[BlackElo "2405"]

1.d4 d5 2.c4 e6 3.Nf3 c6 4.e3 Nf6 5.Nc3 Nbd7 6.Qc2 Bd6 7.Be2 O-O 8.O-O dxc4
9.Bxc4 b5 10.Bd3 Bb7 11.e4 e5 12.dxe5 Nxe5 13.Nxe5 Bxe5 14.Kh1 Ng4 15.h3 Qh4
16.Qe2 Rad8 17.Bc2 Bc8 18.f4 Bd4 19.Qf3 Nf2+ 20.Kh2 b4 21.Ne2 Ng4+ 22.Kh1 Nf2+
23.Kh2 Ng4+ 24.Kh1 Nf2+ 25.Kh2  1/2-1/2

[Event "It"]
[Site "Alushta UKR"]
[Date "2000.10.16"]
[Round "2"]
[White "Ovsejevitsch,S"]
[Black "Shalimov,V UKR"]
[Result "1-0"]
[WhiteElo "2526"]
[BlackElo "2406"]

1.d4 d5 2.c4 c6 3.Nf3 Nf6 4.Nc3 e6 5.e3 Nbd7 6.Qc2 Bd6 7.Bd3 O-O 8.O-O dxc4
9.Bxc4 b5 10.Be2 Re8 11.Rd1 Qc7 12.a3 e5 13.h3 a5 14.Ng5 exd4 15.exd4 Rb8
16.Bf3 h6 17.Nge4 Bf8 18.Be3 b4 19.axb4 Nxe4 20.Bxe4 axb4 21.Nd5 Qd8 22.Nf4 b3
23.Qd3 Qf6 24.Nh5 Qh4 25.Ng3 c5 26.Bh7+ Kh8 27.Bf5 Nf6 28.dxc5 Bb7 29.Qd4 Qxd4
30.Bxd4 Rbd8 31.Rac1 Bc6 32.Nf1 Nd5 33.g3 Nb4 34.Be3 Nc2 35.Rxd8 Rxd8 36.Bxc2 bxc2
37.Rxc2 Rd1 38.Rc1 Rxc1 39.Bxc1 Bxc5 40.Be3 Bb4 41.Bd4 Kg8 42.f4 f6 43.Kf2 Kf7
44.g4 Ke6 45.Ng3 Bd2 46.f5+ Kf7 47.Nh5 Bb4 48.Nf4 Bd6 49.Ne2 h5 50.gxh5 Be4
51.Ng3 Bxg3+ 52.Kxg3 Bxf5 53.Be3 Kg8 54.h6 gxh6 55.Bxh6 Kh7 56.Bd2 Kg6 57.b4 Bd7
58.h4 Be8 59.Kf4 Bc6 60.Be1 Bb5 61.Ke4 Be2 62.Ke3 Bf1 63.Kd4 Kf5 64.Kc5 Ke6
65.h5 Kd7 66.h6 Bd3 67.Bc3 Ke6 68.b5 Be4 69.b6 Kf7 70.Kd6 Kg6 71.Bd2  1-0

[Event "chT-SLO"]
[Site "Bled SLO"]
[Date "2000.10.16"]
[Round "3"]
[White "Tratar,M"]
[Black "Polajzer,D"]
[Result "1-0"]
[WhiteElo "2410"]
[BlackElo "2416"]

1.d4 d5 2.Nf3 Nf6 3.c4 e6 4.Nc3 c6 5.e3 Nbd7 6.Qc2 Bd6 7.Bd3 dxc4 8.Bxc4 O-O
9.O-O Qe7 10.Bb3 e5 11.h3 Bb8 12.Bd2 h6 13.Nh4 Rd8 14.Nf5 Qe8 15.f4 exd4
16.exd4 Qf8 17.Rae1 Nb6 18.Ne7+ Kh8 19.Nxc8 Rxc8 20.Ne4 Nxe4 21.Qxe4 Bd6
22.Qf5 Rc7 23.Re2 Rd8 24.Rfe1 Qg8 25.Ba5 Bf8 26.Re8  1-0

[Event "ch-ARG"]
[Site "Buenos Aires ARG"]
[Date "2000.10.16"]
[Round "6"]
[White "Varela,G"]
[Black "Bertona,F"]
[Result "0-1"]
[WhiteElo "2249"]
[BlackElo "2405"]

1.d4 d5 2.c4 e6 3.Nf3 c6 4.e3 Nf6 5.Nc3 Nbd7 6.Qc2 Bd6 7.b3 O-O 8.Be2 e5
9.cxd5 Nxd5 10.Nxd5 cxd5 11.dxe5 Nxe5 12.Bb2 Bb4+ 13.Kf1 Nxf3 14.Bxf3 Be6
15.Ke2 Qa5 16.Rhc1 Rfc8 17.Qd3 Rxc1 18.Rxc1 Qxa2 19.Rc2 Qa5 20.Kf1 Be7 21.Bc3 Qd8
22.Rd2 Rc8 23.Bb2 Qc7 24.g3 Rd8 25.Kg2 a6 26.Bd4 h6 27.Rc2 Qa5 28.Be5 Bd6
29.Bb2 Bf8 30.Be5 Qb4 31.Rd2 Rd7 32.Bd4 Bd6 33.Bd1 Bf8 34.Ra2 Qd6 35.Ba1 Qc6
36.Bc2 f5 37.Kg1 Rc7 38.Bd1 Qc1 39.Kg2 Qc5 40.Be5 Bd6 41.Bd4 Qc6 42.Bf3 Bb4
43.Be5 Bd6 44.Ba1 Be7 45.Be5 Rc8 46.Rd2 Kf7 47.Qd4 Bf8 48.Bh5+ Kg8 49.Bf3 Bc5
50.Qd3 Kf7 51.Bb2 Rd8 52.Rc2 Qb6 53.Qc3 Bf8 54.Qc7+ Qxc7 55.Rxc7+ Rd7 56.Rxd7+ Bxd7
57.Bxd5+ Be6 58.Bxe6+ Kxe6 59.Kf3 Kd5 60.Ke2 g5 61.f3 h5 62.Kd3 g4 63.e4+ fxe4+
64.fxe4+ Ke6 65.Bd4 Bd6 66.Bb6 Be5 67.Kc4 Kd6 68.b4 Kc6 69.Be3 Bd6 70.Bd4 b5+
71.Kc3 Bc7 72.Kd3 a5 73.Bc3 a4 74.Bb2 Bb6 75.Ke2 Kd6 76.Ke1 Ke6 77.Ke2 Ba7
78.Kd3 Bb8 79.Ke3 Be5 80.Ba3 Kf6 81.Bc1 Bc3 82.Ba3 Ke5 83.Kd3 Bd4 84.Bc1 Bg1
85.Bb2+ Ke6 86.Ke2 Bb6 87.Ke1 Bc7 88.Kf2 Bd6 89.Ba3 h4 90.Kg2 hxg3 91.hxg3 Kf6
92.Kf2 Ke6  0-1

[Event "chT-SLO"]
[Site "Bled SLO"]
[Date "2000.10.17"]
[Round "4"]
[White "Kozul,Z"]
[Black "Ribli,Z"]
[Result "0-1"]
[WhiteElo "2611"]
[BlackElo "2569"]

1.d4 d5 2.c4 c6 3.Nc3 Nf6 4.e3 e6 5.Nf3 Nbd7 6.Bd3 dxc4 7.Bxc4 b5 8.Bd3 a6
9.e4 c5 10.d5 Qc7 11.O-O c4 12.Bc2 Bb7 13.Bg5 Bd6 14.dxe6 fxe6 15.Nd4 Nc5
16.Bxf6 gxf6 17.b4 cxb3 18.Bxb3 O-O-O 19.Kh1 Be5 20.Nce2 Bxd4 21.Nxd4 Nxb3
22.Qxb3 Rxd4 23.Qxe6+ Kb8 24.Qxf6 Qd8 25.Qe5+ Ka8 26.f3 Rg8 27.Rg1 Rd2 28.h3 Qd7
29.Qf4 Rf2 30.Rad1 Rfxg2 31.Rxg2 Qxd1+ 32.Kh2 Rd8 33.h4 b4 34.h5 Qd6 35.Qxd6 Rxd6
36.Kg3 a5 37.Kf4 Ka7 38.Ke5 Rd3 39.Rf2 Kb6 40.f4 Re3 41.f5 Rxe4+ 42.Kd6 Rd4+
43.Ke6 Bd5+  0-1

[Event "Essent Open"]
[Site "Hoogeveen NED"]
[Date "2000.10.17"]
[Round "5"]
[White "Van Kooten,L"]
[Black "Timmermans,I"]
[Result "1/2-1/2"]
[WhiteElo "2292"]
[BlackElo "2200"]

1.d4 d5 2.Nf3 c6 3.e3 Nf6 4.c4 e6 5.Nc3 Nbd7 6.Qc2 Bd6 7.b3 O-O 8.Be2 Re8
9.O-O Qe7 10.Bb2 b6 11.Rad1 Bb7 12.e4 dxe4 13.Nxe4 Nxe4 14.Qxe4 f5 15.Qh4 Qxh4
16.Nxh4 Rad8 17.Bd3 g6 18.Nf3  1/2-1/2

[Event "1st It A"]
[Site "Salou ESP"]
[Date "2000.10.17"]
[Round "2"]
[White "Pogorelov,R"]
[Black "Tyomkin,D"]
[Result "1/2-1/2"]
[WhiteElo "2445"]
[BlackElo "2522"]

1.c4 c6 2.Nf3 d5 3.d4 Nf6 4.Nc3 e6 5.e3 Nbd7 6.Qc2 Bd6 7.Bd3 dxc4 8.Bxc4 O-O
9.O-O a6 10.a3 b5 11.Bd3 Bb7 12.b4 a5 13.Rb1 axb4 14.axb4 Qe7 15.e4 e5 16.dxe5 Nxe5
17.Nxe5 Bxe5 18.Ne2 h6 19.h3 Rfe8 20.Be3 Bd6 21.Nd4 Nxe4 22.Rfd1 Bc7 23.Nf5 Qe5
24.Bxe4 Qxe4 25.Qxe4 Rxe4 26.Rd7 Bc8 27.Ne7+ Rxe7 28.Rxe7 Bf5 29.Rd1 Rc8
30.Bc5 Be6 31.Re1 Bf4 32.h4 Bd2 33.Re2 Bc3 34.h5 Bf6 35.R2xe6 fxe6 36.Rxe6 Kf7
37.Rd6 Be5 38.Rd7+ Ke6 39.Rd3 Kf5 40.f3 Ra8 41.g4+ Ke6 42.Kf2 Bf4 43.Ke2 Ra2+
44.Kd1 Ra1+ 45.Kc2 Rc1+ 46.Kb3 Be5 47.Re3 Kd5 48.Rd3+ Ke6 49.Re3 Kd5 50.Rd3+ Ke6  1/2-1/2

[Event "IV Copa Itau"]
[Site "Sao Paulo BRA"]
[Date "2000.10.19"]
[Round "4"]
[White "Rouanet,L"]
[Black "Suzuki,H"]
[Result "1/2-1/2"]
[WhiteElo "2018"]
[BlackElo "2125"]

1.d4 e6 2.Nf3 d5 3.c4 Nf6 4.Nc3 c6 5.e3 Bd6 6.Bd3 Nbd7 7.O-O O-O 8.e4 dxe4
9.Nxe4 Nxe4 10.Bxe4 h6 11.b3 Nf6 12.Bc2 Qc7 13.Bb2 Rd8 14.Qe2 Be7 15.h3 b6
16.Rac1 Bb7 17.Rfe1 Kf8 18.Ne5 Bb4 19.Red1 Re8 20.Bb1 Qe7 21.c5 bxc5 22.a3 Ba5
23.dxc5 Rad8 24.b4 Bc7 25.Qf3 Rd5 26.Re1 Red8 27.Bc3 Kg8 28.Ba2 Bxe5 29.Bxe5 Rd3
30.Bd6 R8xd6 31.cxd6 Rxd6 32.Rcd1 Nd5 33.Bxd5 cxd5 34.Qe3 Ba6 35.Qc5 Qd7
36.Rd4 f6 37.Red1 Rc6 38.Qa5 Be2 39.Re1 Ra6 40.Qc5 Rc6  1/2-1/2

[Event "Essent Open"]
[Site "Hoogeveen NED"]
[Date "2000.10.21"]
[Round "9"]
[White "Werle,J"]
[Black "Aagaard,J"]
[Result "1/2-1/2"]
[WhiteElo "2311"]
[BlackElo "2389"]

1.Nf3 d5 2.d4 Nf6 3.c4 e6 4.Nc3 c6 5.e3 Nbd7 6.Qc2 b6 7.b3 Bb7 8.Be2 Bd6
9.O-O O-O 10.e4 dxe4 11.Nxe4 Nxe4 12.Qxe4 Nf6 13.Qh4 c5 14.Bb2 Ne4 15.Qh5 f5
16.dxc5 Bxc5 17.Rad1 Qe7 18.Ne5 Rad8  1/2-1/2

[Event "Tch-AUT 2000-01"]
[Site "Maierhofen/Zillertal AUT"]
[Date "2000.10.21"]
[Round "1"]
[White "Arnold,Jo"]
[Black "Steflitsch,E"]
[Result "1-0"]
[WhiteElo "2312"]
[BlackElo "2365"]

1.d4 d5 2.c4 e6 3.Nc3 Nf6 4.Nf3 c6 5.e3 Nbd7 6.Bd3 dxc4 7.Bxc4 b5 8.Bd3 a6
9.e4 c5 10.e5 cxd4 11.Nxb5 Ng4 12.Nd6+ Bxd6 13.exd6 Qb6 14.O-O Qxd6 15.h3 Ngf6
16.Qa4 e5 17.Bd2 Rb8 18.Nxe5 O-O 19.Nc4 Qd5 20.b4 Bb7 21.f3 Bc6 22.Qc2 Rfc8
23.a4 Bb5 24.axb5 axb5 25.Bf4 bxc4 26.Bxb8 Nxb8 27.Ra5 Qe6 28.Bf5 Qe3+ 29.Kh1 d3
30.Qc3 Rd8 31.Qxc4 g6 32.Qc7 Rf8 33.Qd6 Nc6 34.Qxc6 Nh5 35.Qd6 gxf5 36.Rxf5 Qe2
37.Rg1 Ng7 38.Rg5  1-0

[Event "It"]
[Site "Alushta UKR"]
[Date "2000.10.22"]
[Round "8"]
[White "Alexandrova,O"]
[Black "Shalimov,V UKR"]
[Result "1/2-1/2"]
[WhiteElo "2421"]
[BlackElo "2406"]

1.d4 d5 2.c4 e6 3.Nc3 c6 4.e3 Nf6 5.Nf3 Nbd7 6.Qc2 Bd6 7.Bd3 O-O 8.O-O dxc4
9.Bxc4 b5 10.Be2 Bb7 11.Rd1 Qc7 12.e4 e5 13.g3 Rfe8 14.dxe5 Nxe5 15.a3 a6
16.Bg5 Ned7 17.Qd2 Bf8 18.Bf4 Qb6 19.e5 Nd5 20.Nxd5 cxd5 21.b4 Rac8 22.Rac1 Qg6
23.Qd4 Qe4 24.Qxe4 dxe4 25.Rxd7 exf3 26.Bf1 Rxc1 27.Bxc1 Bc6 28.Rc7 Be4 29.Be3 Rd8
30.h4 f5 31.exf6 gxf6 32.Kh2 f5 33.h5 Bg7 34.Bh3 h6 35.Ra7 Rd6 36.Bf4 Bd4
37.Bxd6 Bxa7 38.Kg1 Bd4 39.g4 Bb2 40.gxf5 Bxa3 41.f6 Kf7 42.Be7 a5 43.bxa5 Bxe7
44.fxe7 b4 45.a6 Kxe7 46.a7 Kd6 47.Bf5 Bd5 48.Kh2 Kc5 49.Kg3 Kb6 50.Kf4 Kxa7
51.Ke5 Bf7 52.Bg6 Bc4 53.Kf6 b3 54.Kg7 Be2 55.Kxh6 Bd1 56.Bf7 Kb6 57.Kg5 Bc2
58.Bxb3 Bxb3 59.Kf5 Kc5 60.h6 Bc2+ 61.Kf4 Kd6  1/2-1/2

[Event "Belgian Interteams 2000-1"]
[Site "BEL"]
[Date "2000.10.22"]
[Round "2"]
[White "Thirion,M"]
[Black "Hautot,S"]
[Result "0-1"]
[WhiteElo "2200"]
[BlackElo "2243"]

1.d4 d5 2.c4 c6 3.Nc3 Nf6 4.e3 e6 5.Nf3 Nbd7 6.Qc2 Bd6 7.Be2 dxc4 8.Bxc4 b5
9.Bd3 Bb7 10.O-O O-O 11.Rd1 Qe7 12.e4 e5 13.Ne2 a6 14.Ng3 g6 15.Bg5 Rfd8
16.dxe5 Nxe5 17.Be2 c5 18.Nxe5 Bxe5 19.f4 Bd4+ 20.Rxd4 cxd4 21.e5 Qd7 22.Qd3 Ng4
23.Bxg4 Qxg4 24.h3 Qe6 25.Rd1 Qd5 26.Rd2 Rd7 27.Nh5 gxh5 28.Qf5 Qe6 29.Qd3 Qg6
30.Qf1 h6 31.Bf6 Qf5 32.Rd3 Kh7  0-1

[Event "TCh-SVK"]
[Site "SVK"]
[Date "2000.10.22"]
[Round "2"]
[White "Motuz,K"]
[Black "Pcola,Pa"]
[Result "0-1"]
[WhiteElo "2284"]
[BlackElo "2368"]

1.d4 d5 2.c4 c6 3.Nc3 Nf6 4.Nf3 e6 5.e3 Nbd7 6.Qc2 Bd6 7.b3 O-O 8.Be2 e5
9.O-O e4 10.Nd2 a6 11.f3 exf3 12.Bxf3 Bb8 13.e4 dxe4 14.Ndxe4 Nxe4 15.Nxe4 Nf6
16.d5 cxd5 17.Nxf6+ Qxf6 18.Ba3 Qb6+ 19.Kh1 Qc7 20.g3 Rd8 21.Qg2 dxc4 22.bxc4 Be6
23.Rab1 Ra7 24.c5 Qa5 25.Bb4 Qxa2 26.Qxa2 Bxa2 27.Rbd1 Re8 28.Ba5 Be5 29.Bb6 Raa8
30.Bxb7 Rab8 31.Bxa6 Bb3 32.Rd2 Ba4 33.Bc4 Bc6+ 34.Kg1 Rb7 35.Re1 Bd4+ 36.Kf1 Rxe1+
37.Kxe1 Bc3 38.Ke2 Bxd2 39.Kxd2 Kf8 40.Kc3 Re7 41.Bd3 h6 42.Kd4 Ke8 43.h4 g6
44.Ba5 Rd7+ 45.Ke3 Ra7 46.Bc3 Ra3 47.Kd2 Ra4 48.Be5 Ke7 49.Bf4 h5 50.Ke3 Ke6
51.Bd6 Kd5 52.Be2 Ke6 53.Bd3 Be8 54.Be4 Bb5 55.Bb7 f6 56.Bc8+ Kd5 57.Bh3 Ra2
58.Bc8 Bc6 59.Bh3 Ra3+ 60.Kf2 Kd4 61.Be6 Bd5 62.Bd7 Rc3 63.Be8 Be4 64.c6 Rc2+
65.Ke1 g5 66.hxg5 fxg5 67.c7 Ke3 68.Kd1 Rc4 69.Bxh5 Bc2+ 70.Ke1 Bf5 71.Kf1 g4
72.Bf4+ Kf3 73.Ke1 Rd4 74.c8=Q Bxc8  0-1

[Event "It"]
[Site "Alushta UKR"]
[Date "2000.10.26"]
[Round "12"]
[White "Alexandrova,O"]
[Black "Miroshnichenko,E"]
[Result "1/2-1/2"]
[WhiteElo "2421"]
[BlackElo "2509"]

1.d4 Nf6 2.c4 e6 3.Nc3 d5 4.Nf3 c6 5.e3 Nbd7 6.Qc2 Bd6 7.Bd3 dxc4 8.Bxc4 O-O
9.O-O b5 10.Be2 Bb7 11.Rd1 Qb8 12.e4 e5 13.Bg5 exd4 14.Rxd4 c5 15.Rd2 b4
16.Rad1 Bxh2+ 17.Nxh2 bxc3 18.Rxd7 Nxd7 19.Rxd7 Bc6 20.Rd3 cxb2 21.Rb3 Qe5
22.Nf3 Qxe4 23.Bd3 Qd5 24.Bxh7+ Kh8 25.Rxb2 Rab8 26.Rxb8 Rxb8 27.Bd3 Rb4
28.Be3 Rg4 29.Be2 Ra4 30.Qb2 Rb4 31.Qc1 Qf5 32.Nd2 c4 33.Bxc4 Qg6 34.Bf1 a6
35.f3 Rh4 36.Kf2 f5 37.Qc5 Bb5 38.Bxb5 axb5 39.Nf1 Rc4 40.Qf8+ Kh7 41.Nd2 Rc2
42.a3 Qe6 43.Qb4 Qd5 44.Qf4 Ra2 45.g4 fxg4 46.fxg4 Qd3 47.Qh2+ Kg8 48.Qb8+ Kh7
49.Qh2+ Kg8 50.Qb8+ Kh7 51.Qh2+  1/2-1/2

[Event "34th Olympiad"]
[Site "Istanbul TUR"]
[Date "2000.10.28"]
[Round "1"]
[White "Ahmed,Ha"]
[Black "Asrian,K"]
[Result "0-1"]
[WhiteElo "2270"]
[BlackElo "2566"]

1.d4 d5 2.c4 e6 3.Nc3 c6 4.Nf3 Nf6 5.e3 Nbd7 6.Bd3 dxc4 7.Bxc4 b5 8.Bd3 Bb7
9.O-O a6 10.a4 b4 11.Nb1 c5 12.Nbd2 Be7 13.Qe2 O-O 14.Rd1 Qc7 15.Nc4 Rfd8
16.Bd2 Be4 17.Bxe4 Nxe4 18.Rac1 Nb6 19.Nce5 Nxd2 20.Nxd2 Nxa4 21.Nb3 Bd6
22.Nxc5 Nxc5 23.Nd3 Bxh2+ 24.Kh1 Qe7 25.Rxc5 Bd6 26.Rh5 g6 27.Rh3 e5 28.dxe5 Bxe5
29.e4 Rd4 30.f4 Bg7 31.e5 Rad8 32.Rf1 Qd7 33.Nc5 Qd5 34.Nb3 Rc4 35.Re3 Rc6
36.f5 gxf5 37.Rxf5 Qd1+ 38.Qxd1 Rxd1+ 39.Kh2 Rd5 40.Re4 Re6 41.Rxb4 Bxe5+
42.Kh3 Rd3+ 43.Rf3 Rh6+ 44.Kg4 Rg6+ 45.Kf5 Rxf3+ 46.gxf3 Bxb2 47.Nc5 Ba3
48.Rb8+ Kg7 49.Ne4 a5 50.Ra8 Bb4 51.Ra7 Rb6 52.Ng5 h6 53.Ne4 Rb5+ 54.Kg4 a4
55.Rxa4 f5+ 56.Kf4 fxe4 57.Ra7+ Kf6 58.Ra6+ Ke7 59.fxe4 Bd6+ 60.Kg4 Rg5+
61.Kh4 Re5 62.Ra4 Kf6 63.Kg4 h5+ 64.Kh4 Kg6 65.Rc4 Be7+ 66.Kh3 Rb5 67.Rc3 Bf6
68.Rg3+ Bg5 69.Rd3 Bf4 70.Ra3 Rb2 71.Kh4 Rh2+ 72.Rh3 Bg5+ 73.Kg3 Re2 74.Kf3 Re3+
75.Kg2 Rxe4 76.Rf3 Bf4 77.Ra3 Be5 78.Ra8 Kf5 79.Rf8+ Bf6 80.Ra8 Kg4 81.Rg8+ Bg5
82.Rg7 Re2+ 83.Kh1 h4 84.Rg8 h3 85.Rg7 Kh4 86.Rf7 Kg3 87.Rf1 Rh2+  0-1

[Event "34th Olympiad"]
[Site "Istanbul TUR"]
[Date "2000.10.28"]
[Round "1"]
[White "Ahmed,Ha"]
[Black "Asrian,K"]
[Result "0-1"]
[WhiteElo "2270"]
[BlackElo "2566"]

1.d4 d5 2.c4 e6 3.Nc3 c6 4.Nf3 Nf6 5.e3 Nbd7 6.Bd3 dxc4 7.Bxc4 b5 8.Bd3 Bb7
9.O-O a6 10.a4 b4 11.Nb1 c5 12.Nbd2 Be7 13.Qe2 O-O 14.Rd1 Qc7 15.Nc4 Rfd8
16.Bd2 Be4 17.Bxe4 Nxe4 18.Rac1 Nb6 19.Nce5 Nxd2 20.Nxd2 Nxa4 21.Nb3 Bd6
22.Nxc5 Nxc5 23.Nd3 Bxh2+ 24.Kh1 Qe7 25.Rxc5 Bd6 26.Rh5 g6 27.Rh3 e5 28.dxe5 Bxe5
29.e4 Rd4 30.f4 Bg7 31.e5 Rad8 32.Rf1 Qd7 33.Nc5 Qd5 34.Nb3 Rc4 35.Re3 Rc6
36.f5 gxf5 37.Rxf5 Qd1+ 38.Qxd1 Rxd1+ 39.Kh2 Rd5 40.Re4 Re6 41.Rxb4 Bxe5+
42.Kh3 Rd3+ 43.Rf3 Rh6+ 44.Kg4 Rg6+ 45.Kf5 Rxf3+ 46.gxf3 Bxb2 47.Nc5 Ba3
48.Rb8+ Kg7 49.Ne4 a5 50.Ra8 Bb4 51.Ra7 Rb6 52.Ng5 h6 53.Ne4 Rb5+ 54.Kg4 a4
55.Rxa4 f5+ 56.Kf4 fxe4 57.Ra7+ Kf6 58.Ra6+ Ke7 59.fxe4 Bd6+ 60.Kg4 Rg5+
61.Kh4 Re5 62.Ra4 Kf6 63.Kg4 h5+ 64.Kh4 Kg6 65.Rc4 Be7+ 66.Kh3 Rb5 67.Rc3 Bf6
68.Rg3+ Bg5 69.Rd3 Bf4 70.Ra3 Rb2 71.Kh4 Rh2+ 72.Rh3 Bg5+ 73.Kg3 Re2 74.Kf3 Re3+
75.Kg2 Rxe4 76.Rf3 Bf4 77.Ra3 Be5 78.Ra8 Kf5 79.Rf8+ Bf6 80.Ra8 Kg4  0-1